Finn Balor's Wrestlemania Opponents - Statistics

General Stats
  • This quiz has been taken 68 times
  • The average score is 13 of 17
Answer Stats
WrestleMania Opponent % Correct
WrestleMania 39 Edge
96%
WrestleMania 34 Seth Rollins
91%
WrestleMania XL* The Miz
91%
WrestleMania 34 The Miz
89%
WrestleMania XL* Austin Theory
87%
Wrestlemania 41 Dominik Mysterio
87%
WrestleMania XL* Grayson Waller
87%
WrestleMania XL* R-Truth
85%
Wrestlemania 41 Bron Breakker
81%
WrestleMania 41 Penta
81%
WrestleMania 35 Bobby Lashley
74%
WrestleMania XL* Kofi Kingston
72%
WrestleMania XL* Xavier Woods
70%
WrestleMania XL* Johnny Gargano
69%
WrestleMania XL* Tomasso Ciampa
67%
WrestleMania XL* Pete Dunne
57%
WrestleMania XL* Tyler Bate
54%
No matching quizzes found
Score Distribution
Percent of People with Each Score
Percentile by Number Answered
Your Score History
You have not taken this quiz